Towns and cities with unusual names (vol. VI) - Statistics

General Stats
  • This quiz has been taken 10 times
  • The average score is 7 of 20
Answer Stats
Hint Country % Correct
Zmeinogorsk Russia
71%
Kyzyl-Korgon Kyrgyzstan
57%
Qikiqtarjuaq Canada
43%
Suure-Jaani Estonia
43%
McLeod Ganj India
43%
Wah Pakistan
43%
Van Turkey
43%
Tsaghkadzor Armenia
29%
Mstsislaw Belarus
29%
Wangchukling Bhutan
29%
Dve Mogili Bulgaria
29%
Ngozi Burundi
29%
Tsqaltubo Georgia
29%
Muff Ireland
29%
Zhyngyldy Kazakhstan
29%
Gnjili Potok Montenegro
29%
Saasaai Samoa
29%
Tada-U Myanmar
14%
Ass Palolo Nigeria
14%
Lwakhakha Uganda
14%
No matching quizzes found
Score Distribution
Percent of People with Each Score
Percentile by Number Answered
Your Score History
You have not taken this quiz